Statystyki dla Siedem grzechów głównych

Kliknij tutaj aby rozwiązać quiz!

Ogólne statystyki

  • Ten quiz został rozwiązany 61 razy
  • Średni wynik to 6 z 7

Statystyki odpowiedzi

Odpowiedź% Poprawnych
Pycha
98%
Nieumiarkowanie w jedzeniu i piciu
88%
Lenistwo
81%
Zazdrość
81%
Chciwość
79%
Gniew
73%
Nieczystość
62%

Rozkład punktacji

Percentyl według liczby udzielonych odpowiedzi

Procent ludzi z każdym wynikiem

Twoja historia wyników

Nie rozwiązałeś tego quizu